| 000 | 00357 a2200133 4500 | ||
|---|---|---|---|
| 005 | 20250626130407.0 | ||
| 020 | _a978-1-84762-277-8 | ||
| 082 | _a301 CGP | ||
| 100 | _aCBP | ||
| 245 | _aA2-Level Sociology:The Revision Guide | ||
| 260 |
_aNewcasstle _bCoordination group publications ltd. _c2009 |
||
| 300 |
_a174p.;ills Tables _bIndex _c30cm |
||
| 942 |
_2ddc _cBKS |
||
| 999 |
_c5342 _d5342 |
||